00506nam a2200133 a 450000100100000000500170001000800410002704000250006810000240009324501520011726000590026930000210032870000230034900003710520200930080138.0120214s1964 ag 000 0 spa d aDO-SdBNPbspacBNPHU1 aFrancisco, Clyde T.10aIntroducción al antiguo testamento :bbasada en el Syllabus de Juan R. Sampey /cClyde T. Francisco ; versión castellana por Juan Juan Lacué. aBuenos Aires :bCasa Bautista de Publicaciones,c1964. a347 p. ;c22 cm.1 aLacué, Juan Juan